[Event "Isola d'Elba op 26th"]
[Site "Isola d'Elba"]
[Date "2008.05.10"]
[Round "1"]
[White "Lazar, Andras"]
[Black "Cammarota, Vittorio"]
[Result "1-0"]
[WhiteElo "2111"]
[BlackElo "1914"]
[PlyCount "73"]
[EventDate "2008.05.10"]
[EventType "swiss"]
[EventRounds "9"]
[EventCountry "ITA"]
[SourceTitle "CBM 124 Extra"]
[Source "ChessBase"]
[SourceDate "2008.07.03"]
[SourceVersion "1"]
[SourceVersionDate "2008.07.03"]
[SourceQuality "1"]

1. e4 e5 2. Nc3 Nf6 3. Nf3 Nc6 4. Bb5 d6 5. d4 exd4 6. Nxd4 Bd7 7. Nxc6 bxc6 8. Bc4 Be7 9. 0-0 0-0 10. Bf4 Rb8 11. Bb3 Re8 12. Re1 Ng4 13. Bg3 Bf6 14. h3 Ne5 15. f4 Ng6 16. Qd3 Qc8 17. Rad1 Nf8 18. f5 Qb7 19. Bf2 Rbd8 20. Qc4 Re7 21. e5 d5 22. Qf4 g5 23. Qg3 Bxf5 24. exf6 Rxe1+ 25. Rxe1 h6 26. Re7 Ne6 27. Qe5 Bg6 28. Na4 Qb5 29. Nc3 Qb7 30. Ne2 Qb4 31. c3 Qb5 32. Nd4 Nxd4 33. Re8+ Rxe8 34. Qxe8+ Kh7 35. Bxd4 Be4 36. Qf8 Kg6 37. g4 1-0

[Event "Crema op 09th"]
[Site "Crema"]
[Date "2007.09.09"]
[Round "5"]
[White "Cammarota, Vittorio"]
[Black "Brugo, Marco"]
[Result "1/2-1/2"]
[WhiteElo "1916"]
[BlackElo "2142"]
[PlyCount "76"]
[EventDate "2007.09.07"]
[EventType "swiss"]
[EventRounds "6"]
[EventCountry "ITA"]
[SourceTitle "EXT 2009"]
[Source "ChessBase"]
[SourceDate "2008.11.26"]
[SourceVersion "1"]
[SourceVersionDate "2008.11.26"]
[SourceQuality "1"]

1. e4 e6 2. d3 d5 3. Nd2 Nf6 4. Ngf3 Bc5 5. e5 Nfd7 6. d4 Bb6 7. Nb3 c5 8. dxc5 Nxc5 9. Nxc5 Bxc5 10. Bd3 Nc6 11. 0-0 Qc7 12. Bf4 Bd7 13. c3 Ne7 14. Qe2 Ng6 15. Bg3 Be7 16. Rfe1 Qd8 17. Rad1 0-0 18. Bb1 Rc8 19. Rd4 Bc5 20. Rg4 f5 21. exf6 Qxf6 22. Bxg6 hxg6 23. Be5 Qf5 24. Rg5 Qf7 25. Qc2 Be8 26. h4 Be7 27. Rg3 Qf5 28. Qd2 Qh5 29. Rh3 Rf5 30. Qe2 Bd7 31. Nd4 Qxe2 32. Rxe2 Rh5 33. Nf3 Rc4 34. Bd4 Bf6 35. g4 Rh8 36. b3 Rc6 37. Ne5 Bxe5 38. Rxe5 Rc8 1/2-1/2

[Event "Bergamo Province-ch"]
[Site "Bergamo"]
[Date "2005.10.14"]
[Round "2"]
[White "Cammarota, Vittorio"]
[Black "Oteri, Aldo"]
[Result "1-0"]
[WhiteElo "1994"]
[BlackElo "1711"]
[PlyCount "81"]
[EventDate "2005.10.07"]
[EventType "swiss"]
[EventRounds "8"]
[EventCountry "ITA"]
[SourceTitle "EXT 2023"]
[Source "ChessBase"]
[SourceDate "2022.10.05"]
[SourceVersion "1"]
[SourceVersionDate "2022.10.05"]
[SourceQuality "1"]

1. d4 e6 2. Nf3 f5 3. Bf4 Nf6 4. h3 Be7 5. e3 0-0 6. Bd3 c5 7. c3 Nc6 8. Nbd2 cxd4 9. exd4 b6 10. Qe2 d6 11. 0-0 Qc7 12. Rfe1 Bd7 13. Ng5 e5 14. dxe5 dxe5 15. Bc4+ Kh8 16. Bxe5 Nxe5 17. Qxe5 Bd6 18. Qe2 Rae8 19. Qd3 Rxe1+ 20. Rxe1 Bh2+ 21. Kf1 Bf4 22. Nf7+ Rxf7 23. Bxf7 Bxd2 24. Qxd2 Bb5+ 25. c4 Bxc4+ 26. Bxc4 Qxc4+ 27. Kg1 Qxa2 28. Re7 a5 29. Qg5 Qg8 30. Qxf5 Qd8 31. Qe5 Kg8 32. Qe6+ Kh8 33. Qf7 Qg8 34. Qxg8+ Kxg8 35. Rb7 Nd5 36. Kf1 a4 37. g3 g6 38. Ke2 a3 39. bxa3 Nc3+ 40. Kd3 Nb5 41. a4 1-0

[Event "Lombardia-ch"]
[Site "Monza"]
[Date "2005.05.21"]
[Round "4"]
[White "Cammarota, Vittorio"]
[Black "Molteni, Costantino"]
[Result "1-0"]
[WhiteElo "1709"]
[BlackElo "1986"]
[PlyCount "65"]
[EventDate "2005.05.14"]
[EventType "swiss"]
[EventRounds "6"]
[EventCountry "ITA"]
[SourceTitle "EXT 2007"]
[Source "ChessBase"]
[SourceDate "2006.11.23"]
[SourceVersion "1"]
[SourceVersionDate "2006.11.23"]
[SourceQuality "1"]

1. d4 Nf6 2. Nf3 e6 3. Bf4 c5 4. e3 d5 5. c3 Nc6 6. Nbd2 Bd6 7. Bg3 Qe7 8. Ne5 0-0 9. f4 Ne4 10. Bd3 Nxd2 11. Kxd2 f5 12. h4 Bd7 13. h5 Nxe5 14. fxe5 Bc7 15. Bf4 Qe8 16. Bg5 Bb5 17. Bc2 cxd4 18. exd4 Bd8 19. Bf4 Qf7 20. Qf3 Be8 21. Qg3 Rc8 22. Raf1 Rc7 23. Rf3 b5 24. Qh3 Kh8 25. g4 fxg4 26. Qxg4 Qg8 27. Bg6 h6 28. Rhf1 Rxf4 29. Rxf4 Bg5 30. Kd3 Bxf4 31. Qxf4 Bxg6+ 32. hxg6 Qe8 33. Qf8+ 1-0

[Event "Lombardia-ch"]
[Site "Monza"]
[Date "2005.05.15"]
[Round "3"]
[White "Vignoli, Ernesto"]
[Black "Cammarota, Vittorio"]
[Result "0-1"]
[WhiteElo "1287"]
[BlackElo "1709"]
[PlyCount "74"]
[EventDate "2005.05.14"]
[EventType "swiss"]
[EventRounds "6"]
[EventCountry "ITA"]
[SourceTitle "EXT 2007"]
[Source "ChessBase"]
[SourceDate "2006.11.23"]
[SourceVersion "1"]
[SourceVersionDate "2006.11.23"]
[SourceQuality "1"]

1. e4 c5 2. Nf3 Nc6 3. Bc4 e6 4. d4 cxd4 5. Nxd4 Qb6 6. c3 Nxd4 7. Qxd4 Qxd4 8. cxd4 d6 9. Nc3 a6 10. 0-0 Nf6 11. a3 Be7 12. Bf4 0-0 13. Bg5 h6 14. Bh4 g5 15. e5 gxh4 16. exf6 Bxf6 17. d5 b5 18. Ba2 e5 19. Ne4 Be7 20. f4 f5 21. Nf2 e4 22. Rae1 Bd7 23. b4 Rac8 24. Bb3 Rc3 25. Rb1 Rfc8 26. Nd1 Rd3 27. Nf2 Rd2 28. Nd1 Bf6 29. Ne3 Bd4 30. Rfe1 Rc3 31. Rbd1 Rxd1 32. Bxd1 Rxe3 33. Rxe3 Bxe3+ 34. Kf1 Bxf4 35. h3 Bc1 36. a4 bxa4 37. Be2 Bb5 0-1

[Event "Lugano op"]
[Site "Lugano"]
[Date "2003.10.31"]
[Round "4"]
[White "Cammarota, Vittorio"]
[Black "Faldini, A."]
[Result "1-0"]
[WhiteElo "1609"]
[BlackElo "1847"]
[PlyCount "73"]
[EventDate "2003.10.31"]
[EventType "swiss"]
[EventRounds "6"]
[EventCountry "SUI"]
[SourceTitle "EXT 2007"]
[Source "ChessBase"]
[SourceDate "2006.11.23"]
[SourceVersion "1"]
[SourceVersionDate "2006.11.23"]
[SourceQuality "1"]

1. d4 d5 2. Nf3 Nf6 3. e3 e6 4. Bd3 Bd6 5. Nbd2 Nbd7 6. b3 0-0 7. Bb2 c6 8. Ne5 Qc7 9. f4 c5 10. 0-0 b6 11. g4 Bb7 12. Qf3 cxd4 13. exd4 g6 14. a3 Rac8 15. Rac1 Rfe8 16. h4 h5 17. g5 Nh7 18. Rf2 Nhf8 19. Nf1 Qd8 20. Ng3 Qe7 21. Re1 Kg7 22. Nxh5+ gxh5 23. Qxh5 Bxe5 24. Qh6+ Kg8 25. fxe5 Rc7 26. Rf6 Nxe5 27. dxe5 Qc5+ 28. Kh2 d4 29. g6 fxg6 30. Bxg6 Qd5 31. Qg5 Rg7 32. Rg1 Ree7 33. h5 Nxg6 34. Rxg6 Qd7 35. h6 Rxg6 36. Qxg6+ Kf8 37. Qg8# 1-0

[Event "Lugano op"]
[Site "Lugano"]
[Date "2003.10.31"]
[Round "6"]
[White "Cammarota, Vittorio"]
[Black "Revinelli, Sergio"]
[Result "0-1"]
[WhiteElo "1609"]
[BlackElo "1783"]
[PlyCount "62"]
[EventDate "2003.10.31"]
[EventType "swiss"]
[EventRounds "6"]
[EventCountry "SUI"]
[SourceTitle "EXT 2007"]
[Source "ChessBase"]
[SourceDate "2006.11.23"]
[SourceVersion "1"]
[SourceVersionDate "2006.11.23"]
[SourceQuality "1"]

1. d4 d5 2. Nf3 Nf6 3. e3 c5 4. b3 Nc6 5. a3 cxd4 6. exd4 Bg4 7. Bd3 Bxf3 8. Qxf3 Nxd4 9. Qf4 Nc6 10. Bb2 Qb8 11. Qh4 e5 12. 0-0 Be7 13. Re1 e4 14. Bb5 a6 15. Bf1 Ne5 16. f4 Ng6 17. Qh3 Qxf4 18. g3 Bc5+ 19. Kh1 Qf2 20. Bb5+ axb5 21. Rf1 Qxc2 22. Rxf6 gxf6 23. Qf1 Qxb2 24. Qxb5+ Kf8 25. Qxc5+ Kg7 26. Qc3 Qxc3 27. Nxc3 Rhd8 28. a4 Rac8 29. Ne2 d4 30. Kg2 d3 31. Ng1 d2 0-1

[Event "Lugano op"]
[Site "Lugano"]
[Date "2003.10.31"]
[Round "3"]
[White "Nusch, Peter"]
[Black "Cammarota, Vittorio"]
[Result "1-0"]
[WhiteElo "1961"]
[BlackElo "1609"]
[PlyCount "73"]
[EventDate "2003.10.31"]
[EventType "swiss"]
[EventRounds "6"]
[EventCountry "SUI"]
[SourceTitle "EXT 2007"]
[Source "ChessBase"]
[SourceDate "2006.11.23"]
[SourceVersion "1"]
[SourceVersionDate "2006.11.23"]
[SourceQuality "1"]

1. e4 d6 2. d3 c5 3. Nd2 Nc6 4. Ngf3 Nf6 5. g3 g6 6. Bg2 Bg7 7. 0-0 0-0 8. Re1 Bg4 9. h3 Bxf3 10. Nxf3 Nd7 11. c3 Qb6 12. Nh2 a5 13. Ng4 Nde5 14. Ne3 e6 15. Qe2 a4 16. f4 Nd7 17. h4 h5 18. Kh2 a3 19. Rf1 Qc7 20. f5 Nde5 21. bxa3 Qa5 22. Bb2 b5 23. g4 hxg4 24. Nxg4 Ra7 25. f6 Nxg4+ 26. Qxg4 Bh6 27. h5 Ne5 28. Qg3 Kh7 29. d4 cxd4 30. cxd4 Nc4 31. Bc1 Bxc1 32. hxg6+ fxg6 33. Raxc1 Qxa3 34. Rc3 Qb4 35. Qh4+ Kg8 36. Rh3 Qa5 37. f7+ 1-0

[Event "Genova op 4th"]
[Site "Genova"]
[Date "2000.08.14"]
[Round "10"]
[White "Cammarota, Vittorio"]
[Black "Orsenigo, Davide"]
[Result "1-0"]
[WhiteElo "1690"]
[BlackElo "1413"]
[PlyCount "129"]
[EventDate "2000.08.07"]
[EventType "swiss"]
[EventRounds "11"]
[EventCountry "ITA"]
[SourceTitle "EXT 2024"]
[Source "ChessBase"]
[SourceDate "2023.10.10"]
[SourceVersion "1"]
[SourceVersionDate "2023.10.10"]
[SourceQuality "1"]

1. d4 Nf6 2. Nf3 g6 3. Bf4 Bg7 4. e3 0-0 5. Be2 d6 6. h3 Nbd7 7. 0-0 c5 8. c3 b6 9. Nbd2 Bb7 10. a4 Qc7 11. Nc4 Rfc8 12. Rc1 Qd8 13. Bd3 a6 14. Na3 Ne8 15. Bb1 Nc7 16. Qd3 Nf6 17. Qe2 Nd7 18. e4 Ne6 19. Be3 Qc7 20. d5 Nef8 21. c4 e6 22. Rfe1 e5 23. g4 Nf6 24. Nh4 N8d7 25. Rc3 Rab8 26. Qd2 Bh8 27. Kh2 Re8 28. Bh6 Bc8 29. Rg1 Qd8 30. Ng2 Bb7 31. Rg3 Bg7 32. h4 Rf8 33. Bg5 Qe8 34. Bh6 Qd8 35. Rh1 Rc8 36. Kg1 Qe7 37. Bxg7 Kxg7 38. h5 Ng8 39. Rgh3 g5 40. h6+ Kh8 41. Rh5 f6 42. Ne3 Rf7 43. Nf5 Qf8 44. b4 Nb8 45. b5 a5 46. Nc2 Qd8 47. Nce3 Rcc7 48. Ng7 Rcd7 49. Ne6 Qe7 50. Nf5 Qe8 51. Qd3 Ne7 52. Nfg7 Qg8 53. R5h3 Bc8 54. Rf3 Bb7 55. Rhh3 Bc8 56. Nxg5 fxg5 57. Rxf7 Qxf7 58. Rf3 Qg8 59. Rf6 Ng6 60. Ne6 Re7 61. Nxg5 Nf4 62. Rxf4 exf4 63. Nf3 Bxg4 64. Qc3+ Re5 65. Nxe5 1-0